000 00519nam a2200145Ia 4500
008 090124s9999 xx 000 0 und d
082 _b202928
245 _a मराठी वृत्तपत्रांचा इतिहास
250 _a1
260 _bलेले रा.के.
_c1984
300 _a1165
630 _a मराठी वृत्तपत्रांचा इतिहास
730 _a मराठी वृत्तपत्रांचा इतिहास
942 _cBOOK
999 _c184509
_d184509